=LDR 00000nam 2200000 4500 =001 INLIS000000000004062 =005 20130612092341 =008 ***********************************Ind** =035 ##$$0010-061300000004062 =041 ##$$a Ind =082 ##$$a 808 =090 ##$$a 808, Fan p =100 ##$$a Fanany, Ismet =245 ##$$a Plagiat-plagiat di MIT, tragedi akademis di Indonesia, Ismet Fanany =260 ##$$a 1992 $b Jakarta =300 ##$$a xviii, 164 hlm, ilus, 21 cm =650 ##$$a Kesusastraan =650 ##$$a Plagiarisme =850 ##$$a NBPNMAT